Text Book of Money Banking & Finance/ (Record no. 34535)

MARC details
000 -LEADER
fixed length control field 00460nam a2200169Ia 4500
005 - DATE AND TIME OF LATEST TRANSACTION
control field 20240809122324.0
008 - FIXED-LENGTH DATA ELEMENTS--GENERAL INFORMATION
fixed length control field 231019s9999 xx 000 0 und d
082 ## - DEWEY DECIMAL CLASSIFICATION NUMBER
Classification number 332.1
Item number TAH-T
100 ## - MAIN ENTRY--AUTHOR
Author Name Tahir Ejaz , Agha
245 #2 - TITLE STATEMENT
Title Text Book of Money Banking & Finance/
Statement of responsibility, etc. Agha Tahir Ejaz
260 ## - PUBLICATION, DISTRIBUTION, ETC.
Place of Publication Lahore, Pakistan;
Name of publisher, distributor, etc. Azeem Academy;
Date of publication, distribution, etc. 2015
300 ## - PHYSICAL DESCRIPTION
Pages 418 p.:
650 ## - SUBJECT ADDED ENTRY--TOPICAL TERM
Subject / Department Finance
700 ## - ADDED ENTRY--PERSONAL NAME
Personal name Qazi Shahzad Ehtesham
300 ## - PHYSICAL DESCRIPTION
-- 23.5 cm.
952 ## - LOCATION AND ITEM INFORMATION (KOHA)
-- 0
-- 0
952 ## - LOCATION AND ITEM INFORMATION (KOHA)
-- 0
-- 0
Holdings
Lost status Damaged status Collection code Permanent Location Current Location Date acquired Full Call Number Accession No./Barcode Date last seen Copy number item type Koha item type
    Economics/Commerce Superior Information Resource Center (SIRC) Superior University - City Campus Superior Information Resource Center (SIRC) Superior University - City Campus 10/19/2023 332.1 TAH-A 2015 28084 10/19/2023 1 BOOK BOOK
    Economics/Commerce Superior Information Resource Center (SIRC) Superior University - City Campus Superior Information Resource Center (SIRC) Superior University - City Campus 04/19/2024 332.1 TAH-A 2016 28085 04/19/2024 2 BOOK BOOK

Powered by Koha